000 00619nam a22002177a 4500
999 _c5808
_d5808
003 AR-CdUCM
008 190313b ||||| |||| 00| 0 spa d
040 _aMUNICIPALIDAD PROVINCIAL DEL CUSCO
_cBIBLIOTECA MUNICIPAL DEL CUSCO
082 _a869.56 /
_bOS81
100 _aOsorio, Alberto
_917219
245 _aLa Morada Escarlata /
260 _aCusco :
_bTierra Adentro,
_c1970.
300 _a27 paginas ;
_bIlustracion,
_c21cm.
500 _aPoesias
650 _aPoesia Cusqueña
_92323
650 _aPerú
_935
650 _aLiteratura
_983
650 _aSiglo XIX
_9971
942 _2ddc
_cLIBROS
945 _apjha